| 000 | 00491nam a2200181 i 4500 | ||
|---|---|---|---|
| 001 | bg | ||
| 100 | 1 | _aGREEN, A. E. | |
| 245 | 0 |
_aThe Nuclear Independent Particle Model. The Shell and Optical Models / _cA. E. Green, T. Sawada, D. S. Saxon. |
|
| 260 |
_aNew York : _bAcademic Press, _c1968. |
||
| 300 | _as. 363. | ||
| 700 | 1 | _aSAWADA, T. | |
| 700 | 1 | _aSAXON, D. S. | |
| 040 | _cBPK | ||
| 041 | _apol | ||
| 080 | _a621.039 | ||
| 942 | _cKS | ||
| 008 | s pl f |000 0 pol | ||
| 999 |
_c12422 _d12422 |
||
| 856 |
_uhttp://koha.tu.koszalin.pl/cgi-bin/koha/opac-detail.pl?biblionumber=12422 _yKatalog online BPK |
||